Mareta Espinosa (Record no. 13954)

MARC details
000 - LÍDER
campo de control de longitud fija 01145nam a2200229Ia 4500
008 - ELEMENTOS DE DATOS DE LONGITUD FIJA - INFORMACIÓN GENERAL
campo de control de longitud fija 0000002008 sp ad 0000000000spa00
090 ## - NÚMERO DE LLAMADA DE TIPO LC LOCALMENTE ASIGNADO (OCLC)
Número de clasificación (OCLC) (R) PSP00 J35m
100 1# - ENTRADA PRINCIPAL - NOMBRE PERSONAL
Nombre de la persona Jiménez, Carlos
245 10 - TÍTULO DECLARACIÓN
Título Mareta Espinosa
Resto del título : oculto en pliegues
Declaración de responsabilidad / textos Carlos Jiménez ; fotos Rafael Roa
260 ## - PUBLICACIÓN, DISTRIBUCIÓN
Lugar de publicación Cádiz : Galería Islah Abitada
Fecha de publicación 2008
300 ## - DESCRIPCIÓN FÍSICA
Alcance [30] p.
Dimensiones / 21 cm.
500 ## - NOTA GENERAL
Nota general Exposición realizada en la Galería Islah Abitada de Cádiz entre el 5 de abril al 3 de mayo de 2008 \ Incluye datos biográficos y cronología artística \ Donación Carlos Jiménez, 2012
501 ## - Con nota
Con nota Mareta Espinosa o la alegría inmprescindible del color / Carlos Jiménez
505 ## - NOTA DE CONTENIDO FORMATEADA
Nota sobre el contenido formateado OBRAS: RelaX en tu alma Afilado suave entre mis manos Despiera en el infierno feliz Quiso ser la pasión la fundió Aire de otoño Detiene la mano cordura de un beso 15 dibujos
600 00 - ENTRADA DE SUJETO AÑADIDO - NOMBRE PERSONAL
Nombre de la persona ESPINOSA, MARETA/
Subdivisión general TRABAJOS PICTORICOS
650 14 - ENTRADA DE SUJETO AÑADIDO - TÉRMINO TÓPICO
Término tópico o elemento de entrada del nombre geográfico PINTURA ESPAÑOLA
650 14 - ENTRADA DE SUJETO AÑADIDO - TÉRMINO TÓPICO
Término tópico o elemento de entrada del nombre geográfico ARTE CONTEMPORANEO ESPAÑOL
650 14 - ENTRADA DE SUJETO AÑADIDO - TÉRMINO TÓPICO
Término tópico o elemento de entrada del nombre geográfico ARTISTAS PLASTICOS ESPAÑOLES
650 14 - ENTRADA DE SUJETO AÑADIDO - TÉRMINO TÓPICO
Subdivisión general CATALOGOS
650 14 - ENTRADA DE SUJETO AÑADIDO - TÉRMINO TÓPICO
Subdivisión general EXPOSICIONES
650 14 - ENTRADA DE SUJETO AÑADIDO - TÉRMINO TÓPICO
Término tópico o elemento de entrada del nombre geográfico PINTORES ESPAÑOLES
Holdings
Estado de retirada Pérdida de estatus Estado dañado No para préstamo Código de recogida Ubicación permanente Ubicación actual Ubicación de las estanterías Fecha de adquisición Número de llamada completo Código de barras Fecha de la última vez que se vio Número de copia Precio efectivo desde Tipo de artículo Koha
        General ArtNexus ArtNexus General 06/09/2022 P-SP-00 J35M 14136 06/09/2022 Ej.1 06/09/2022 Libro

Powered by Koha